00310 a2200133 450000100060000002000180000604000220002410000180004624000210006424500160008530000070010136200090010865000590011760001 a9783190318650 cAnchieta - Pituba aPyreni, Elini10aAlles klar?lpor10aAlles klar? a590 a2006 4aLínguas germânicas (teutônicas) língua alemã